Política fiscal y ciclo económico / (Record no. 78167)
[ view plain ]
| 000 -LEADER | |
|---|---|
| campo de control de longitud fija | 00646nam a2200181 i 4500 |
| 001 - NÚMERO DE CONTROL | |
| campo de control | 78167 |
| 003 - IDENTIFICADOR DE NÚMERO DE CONTROL | |
| campo de control | ES-MaACL |
| 007 - CAMPO FIJO DE DESCRIPCIÓN FÍSICA--INFORMACIÓN GENERAL | |
| campo de control de longitud fija | t| |
| 008 - DATOS DE LONGITUD FIJA--INFORMACIÓN GENERAL | |
| campo de control de longitud fija | 041011s1945 mx ||||1| spa d |
| 100 1# - ENTRADA PRINCIPAL--NOMBRE DE PERSONA | |
| Nombre de persona | Hansen, Alvin Harvey. |
| 9 (RLIN) | 61759 |
| 245 10 - MENCIÓN DEL TÍTULO | |
| Título | Política fiscal y ciclo económico / |
| Mención de responsabilidad, etc. | Alvin H. Hansen ; versión española de Rafael Fernández Maza y Cristóbal Lara. |
| 250 ## - MENCION DE EDICION | |
| Mención de edición | [1ª ed. en español y puesta al día por el autor]. |
| 260 ## - PUBLICACIÓN, DISTRIBUCIÓN, ETC. | |
| Lugar de publicación, distribución, etc. | México : |
| Nombre del editor, distribuidor, etc. | Fondo de Cultura Económica, |
| Fecha de publicación, distribución, etc. | [1945] |
| 300 ## - DESCRIPCIÓN FÍSICA | |
| Extensión | 491 p. ; |
| Dimensiones | 22 cm. |
| 700 1# - ENTRADA AGREGADA--NOMBRE PERSONAL | |
| Nombre de persona | Fernández Maza, Rafael. |
| 9 (RLIN) | 49919 |
| 700 1# - ENTRADA AGREGADA--NOMBRE PERSONAL | |
| Nombre de persona | Lara, Cristóbal. |
| 9 (RLIN) | 70200 |
| 852 ## - LOCALIZACIÓN | |
| Ubicación | ES-MaACL |
| Número de control de estantería | E-1858 |
| Sublocalización o colección | R.22618 |
| Estatus retirado | Estado de pérdida | Estado de daño | No para préstamo | Biblioteca de origen | Biblioteca actual | Ubicación en estantería | Fecha de adquisición | Fuente de adquisición | Total de préstamos | Signatura topográfica completa | Código de barras | Visto por última vez | Precio de reemplazo | Tipo de ítem Koha |
|---|---|---|---|---|---|---|---|---|---|---|---|---|---|---|
| Biblioteca del Ateneo de Madrid | Biblioteca del Ateneo de Madrid | Depósito 2 | 17/01/2008 | E-1858 | 1081770 | 23/02/2023 | 23/02/2023 | Libro impreso |
